My Spotify Wrapped (2021) - Statistics

General Stats
  • This quiz has been taken 6 times
  • The average score is 10 of 100
Answer Stats
Artist(s) Title % Correct
Megan Thee Stallion Body
50%
Doja Cat / SZA Kiss Me More
50%
LISA MONEY
50%
Megan Thee Stallion / Beyonce Savage
50%
Ariana Grande / Doja Cat / Megan Thee Stallion 34+35
33%
Olivia Rodrigo brutal
33%
Bella Poarch Build a Bitch
33%
Megan Thee Stallion / Young Thug Don't Stop
33%
Adele Easy On Me
33%
Doja Cat / Ariana Grande I Don't Do Drugs
33%
Coldplay / BTS My Universe
33%
Olivia Rodrigo traitor
33%
Doja Cat Woman
33%
Doja Cat / The Weeknd You Right
33%
Doja Cat Ain't Shit
17%
Taylor Swift All Too Well
17%
Summer Walker / Cardi B Bitter
17%
Megan Thee Stallion Captain Hook
17%
Taylor Swift champagne problems
17%
Megan Thee Stallion / DaBaby Cry Baby
17%
Ashnikko Daisy
17%
Summer Walker / Pharrell Williams / The Neptunes Dat Right There
17%
Olivia Rodrigo enough for you
17%
Summer Walker / JT Ex For A Reason
17%
Olivia Rodrigo favorite crime
17%
Megan Thee Stallion / SZA Freaky Girls
17%
Doja Cat Get Into It
17%
Olivia Rodrigo good 4 u
17%
Megan Thee Stallion / Lil Durk Movie
17%
Doja Cat Need to Know
17%
Summer Walker / SZA No Love
17%
Doja Cat / Young Thug Payday
17%
Madison Beer Reckless
17%
Taylor Swift / Gary Lightbody The Last Time
17%
Summer Walker / Lil Durk Toxic
17%
Summer Walker / Ari Lennox Unloyal
17%
Cardi B Up
17%
Megan Thee Stallion What's New
17%
BIA / Nicki Minaj WHOLE LOTTA MONEY
17%
Summer Walker 4th Baby Mama
0%
Megan Thee Stallion Ain't Equal
0%
Megan Thee Stallion Bae Goals
0%
Taylor Swift Begin Again
0%
Megan Thee Stallion Bless The Booth Freestyle
0%
Summer Walker Broken Promises
0%
Megan Thee Stallion Circles
0%
Summer Walker Circus
0%
Taylor Swift Come Back...Be Here
0%
Summer Walker Constant Bullshit
0%
Megan Thee Stallion / City Girls / Hot Girl Meg Do It On The Tip
0%
Megan Thee Stallion Don't Rock Me To Sleep
0%
Taylor Swift / Ed Sheeran Everything Has Changed
0%
Walker Hayes / Kesha Fancy Like
0%
Taylor Swift Girl At Home
0%
Megan Thee Stallion Girls in the Hood
0%
Megan Thee Stallion Good At
0%
Bhad Bhabie Hi Bich
0%
Taylor Swift I Almost Do
0%
Nicki Minaj / Lil Wayne I Get Crazy
0%
Taylor Swift I Knew You Were Trouble
0%
Summer Walker Insane
0%
Saucy Santana / DreamDoll / LightSkinKeisha It's a Vibe
0%
Princess Nokia It's Not My Fault
0%
Megan Thee Stallion Kitty Kat
0%
Taylor Swift long story short
0%
Ariana Grande love language
0%
Doja Cat Love To Dream
0%
LunchMoney Lewis / Doja Cat Make That Cake
0%
THE ANXIETY / WILLOW / Tyler Cole Meet Me At Our Spot
0%
Doja Cat Naked
0%
Megan Thee Stallion Outside
0%
Farruko Pepas
0%
Megan Thee Stallion Pipe Up
0%
BIA PLATE
0%
Summer Walker Reciprocate
0%
Taylor Swift Red
0%
Taylor Swift Sad Beautiful Tragic
0%
Summer Walker / Omarion Screwin
0%
Flo Milli Scuse Me
0%
Megan Thee Stallion Shots Fired
0%
BIA SKATE
0%
Bruno Mars / Anderson .Paak / Silk Sonic Smokin Out The Window
0%
Taylor Swift Starlight
0%
Taylor Swift State Of Grace
0%
Taylor Swift Stay Stay Stay
0%
Megan Thee Stallion Sugar Baby
0%
Summer Walker Switch A
0%
Taylor Swift The Lucky One
0%
Taylor Swift The Moment I Knew
0%
Megan Thee Stallion Thot Shit
0%
Summer Walker Throw It Away
0%
Megan Thee Stallion Tina Snow Interlude
0%
Megan Thee Stallion To Thee Hotties
0%
Taylor Swift Treacherous
0%
Doja Cat Up And Down
0%
Megan Thee Stallion Warning
0%
Taylor Swift We Are Never Ever Getting Back Together
0%
Megan Thee Stallion Work That
0%
Summer Walker You Don't Know Me
0%
No matching quizzes found
Score Distribution
Percent of People with Each Score
Percentile by Number Answered
Your Score History
You have not taken this quiz